| 000 | 01835nam a2200505 i 4500 | ||
|---|---|---|---|
| 001 | 24726 | ||
| 003 | KOSZ 005 | ||
| 005 | 20221129140558.0 | ||
| 008 | 980713s1996 pl |000 0 pol | ||
| 015 | _aUWD 1997/601 | ||
| 020 | _a8320810299 | ||
| 035 | _a991004646059705066 | ||
| 035 | _a(PL-WaBN)b11226468-48omnis_nlop | ||
| 035 | _ab11226468 | ||
| 035 | _a(OCoLC)750005737 | ||
| 035 | _a(PL)b0000001122646 | ||
| 035 | _a(EXLNZ-48OMNIS_NETWORK)9910060963205606 | ||
| 040 |
_aWA N _cWA N _dKOSZ 005/AR _dKOSZ 005/HR |
||
| 041 | 1 |
_apol _heng |
|
| 080 | _a339.13 | ||
| 100 | 1 |
_aRies, Al _d(1927- ) _eAutor |
|
| 245 | 1 | 0 |
_a22 niezmienne prawa marketingu : _bnaruszasz je na własne ryzyko! / _cAl Ries, Jack Trout ; przekład [z angielskiego] Andrzej Ehrlich. |
| 246 | 1 |
_iTytuł oryginału : _a22 immutable laws of marketing |
|
| 246 | 3 | _aDwadzieścia dwa niezmienne prawa marketingu | |
| 260 |
_aWarszawa : _bPolskie Wydawnictwo Ekonomiczne, _c1996 |
||
| 300 |
_a172 strony ; _c21 cm. |
||
| 336 |
_aTekst _btxt _2rdacontent |
||
| 337 |
_aBez urządzenia pośredniczącego _bn _2rdamedia |
||
| 338 |
_aWolumin _bnc _2rdacarrier |
||
| 380 | _aKsiążki | ||
| 388 | _a1901-2000 | ||
| 388 | _a1989-2000 | ||
| 490 | 1 | _aMarketing bez Tajemnic | |
| 500 | _aTytuł oryginału : "The 22 immutable laws of marketing" 1993. | ||
| 650 | 7 |
_aMarketing _2DBN |
|
| 655 | 7 |
_aPoradnik _2DBN |
|
| 658 | _aZarządzanie i marketing | ||
| 700 | 1 |
_aEhrlich, Andrzej _eTłumaczenie |
|
| 700 | 1 |
_aTrout, Jack _d(1936-2017) _eAutor |
|
| 710 | 2 |
_aPolskie Wydawnictwo Ekonomiczne _4pbl |
|
| 830 | 0 | _aMarketing bez Tajemnic | |
| 856 |
_uhttp://koha.tu.koszalin.pl/cgi-bin/koha/opac-detail.pl?biblionumber=24726 _yKatalog online BPK |
||
| 942 |
_2UKD _cKS |
||
| 999 |
_c24726 _d24726 |
||